A reader´s guide to the contemporary english novel

Guardat en:
Dades bibliogràfiques
Autor principal: Karl, Frederick R.
Format: Llibre
Idioma:Undetermined
Publicat: New York, Estados Unidos Noonday 1972
Matèries:
Etiquetes: Afegir etiqueta
Sense etiquetes, Sigues el primer a etiquetar aquest registre!

MARC

LEADER 00000nam a2200000Ia 4500
008 170316s9999 xx 000 0 und d
040 |a cru BVZT 
090 |a A-820 K-1a 
100 |a Karl, Frederick R. 
245 2 |a A reader´s guide to the contemporary english novel 
260 |a New York, Estados Unidos 
260 |b Noonday 
260 |c 1972 
300 |a 375 páginas 
650 |a LITERATURA INGLESA 
999 |c 12362  |d 12362 
942 |c 15 D  |h A-820 K-1a  |2 z